A hazai szállodaipar helyzetének kritikus elemzése

Bibliográfiai részletek
Szerző: Tamási Dávid
További közreműködők: Karakasné Dr. Morvay PhD Klára
Dokumentumtípus: Diplomadolgozat
Kulcsszavak:Szállodaipar, Budapest
Elemzés
Beruházás
Online Access:http://dolgozattar.uni-bge.hu/4735

MARC

LEADER 00000nta a2200000 i 4500
001 dolg4735
005 20160204094551.0
008 151214suuuu hu om 000 hun d
040 |a BGE Dolgozattár Repozitórium  |b hun 
041 |a hu 
100 1 |a Tamási Dávid 
245 1 2 |a A hazai szállodaipar helyzetének kritikus elemzése  |c Tamási Dávid  |h [elektronikus dokumentum] 
695 |a Szállodaipar, Budapest 
695 |a Elemzés 
695 |a Beruházás 
700 1 |a Karakasné Dr. Morvay PhD Klára  |e ths 
856 4 0 |u http://dolgozattar.uni-bge.hu/4735/1/A%20hazai%20sz%C3%A1llodaipar%20helyzet%C3%A9nek%20kritikus%20elemz%C3%A9se.pdf  |z Dokumentum-elérés